Welcome to CU Library Online Public Access Catalogue (OPAC)

Algebra/ (Record no. 1275)

MARC details
000 -LEADER
fixed length control field 00441nam a22001457a 4500
005 - DATE AND TIME OF LATEST TRANSACTION
control field 20241118135852.0
008 - FIXED-LENGTH DATA ELEMENTS--GENERAL INFORMATION
fixed length control field 241118b |||||||| |||| 00| 0 eng d
020 ## - INTERNATIONAL STANDARD BOOK NUMBER
International Standard Book Number 9780673372772
050 ## - LIBRARY OF CONGRESS CALL NUMBER
Classification number QA154.2 ALG
245 ## - TITLE STATEMENT
Title Algebra/
Remainder of title the University of Chicago school mathematics project;
260 ## - PUBLICATION, DISTRIBUTION, ETC.
Place of publication, distribution, etc. Glenview, Illinois
Name of publisher, distributor, etc. Scott, Foresman and Company
Date of publication, distribution, etc. 1993
300 ## - PHYSICAL DESCRIPTION
Extent x.739p.
Other physical details ill. some color
Dimensions 26cm
650 ## - SUBJECT ADDED ENTRY--TOPICAL TERM
Source of heading or term Algebra
942 ## - ADDED ENTRY ELEMENTS (KOHA)
Source of classification or shelving scheme Library of Congress Classification
Koha item type Books
Suppress in OPAC No
999 ## -
-- 1275
-- 1275
Holdings
Withdrawn status Lost status Source of classification or shelving scheme Damaged status Not for loan Collection Home library Current library Shelving location Date acquired Total checkouts Full call number Barcode Date last seen Copy number Price effective from Koha item type
    Library of Congress Classification     Non-fiction Science Library (Miotso) Science Library (Miotso) General stacks 11/18/2024   QA154.2 ALG SLM00000616 11/18/2024 1 11/18/2024 Books
© 2023-2024 Copyright: Central University Libraries. All Rights Reserved | Created by: Mahone Tech Office